100 Maravillas del mundo : (Record no. 24748)

MARC details
000 -LEADER
fixed length control field 00605 a2200193 4500
003 - CONTROL NUMBER IDENTIFIER
control field sjds
005 - DATE AND TIME OF LATEST TRANSACTION
control field 20240229145336.0
008 - FIXED-LENGTH DATA ELEMENTS--GENERAL INFORMATION
fixed length control field 240229b |||||||| |||| 00| 0 spa d
020 ## - INTERNATIONAL STANDARD BOOK NUMBER
International Standard Book Number 9781474818520
020 ## - INTERNATIONAL STANDARD BOOK NUMBER
International Standard Book Number 1474818528
040 ## - CATALOGING SOURCE
Transcribing agency sjds
041 ## - LANGUAGE CODE
Language code of text/sound track or separate title spa
100 10 - MAIN ENTRY--PERSONAL NAME
Personal name Hoffman, Michael
245 10 - TITLE STATEMENT
Title 100 Maravillas del mundo :
Remainder of title obras maestras realizadas por la mano del hombre e impresionantes creaciones de la naturaleza /
Statement of responsibility, etc. Michael Hoffman, Alexander Krings.
260 ## - PUBLICATION, DISTRIBUTION, ETC. (IMPRINT)
Place of publication, distribution, etc. New York :
Name of publisher, distributor, etc. Parragon,
Date of publication, distribution, etc. [2015]
300 ## - PHYSICAL DESCRIPTION
Extent 240 p. fot. color
Accompanying material 1 DVD
700 ## - ADDED ENTRY--PERSONAL NAME
Personal name Krings, Alexander,
942 ## - ADDED ENTRY ELEMENTS (KOHA)
Koha item type Libro/Book
Holdings
Withdrawn status Lost status Damaged status Not for loan Home library Current library Date acquired Total Checkouts Full call number Barcode Date last seen Price effective from Koha item type
        Genizero -- Satellite Genizero -- Satellite 15/08/2020   JREF 35602010 15/08/2020 15/08/2020 Libro/Book
      In Process Las Brisas 1 -- Satellite Las Brisas 1 -- Satellite 10/08/2020   JREF 40002218 10/08/2020 10/08/2020 Libro/Book
        Las Brisas 2 -- Satellite Las Brisas 2 -- Satellite 10/08/2020   JREF 40102240 10/08/2020 10/08/2020 Libro/Book

Powered by Koha